Представление документа в формате MARC21

ПолеНазваниеЗначение
  Тип записи a
  Библиографический уровень m
001 Контрольный номер RU\infra-m\znanium\bibl\2252580
005 Дата корректировки 20260429142058.4
008 Кодируемые данные 260406s2026 RU g rus u
020 Индекс ISBN __
a ISBN 978-5-9275-5133-0
040 Источник каталогиз. __
a Служба первич. каталог. Общество с ограниченной ответственностью «ЗНАНИУМ»
041 Код языка издания __
a Код языка текста rus
044 Код страны публикации __
a Код страны публикации RU
080 Индекс УДК __
a Индекс УДК 537
080 Индекс УДК __
a Индекс УДК 621
084 Индекс другой классификации/Индекс ББК __
2 Источник индекса rubbk
a Индекс другой классификации/Индекс ББК 226
084 Индекс другой классификации/Индекс ББК __
2 Источник индекса okso
a Индекс другой классификации/Индекс ББК 11.03.01
084 Индекс другой классификации/Индекс ББК __
2 Источник индекса okso
a Индекс другой классификации/Индекс ББК 11.03.03
084 Индекс другой классификации/Индекс ББК __
2 Источник индекса okso
a Индекс другой классификации/Индекс ББК 11.03.04
100 Автор __
a Автор Малышев И.В.
q Полное имя Малышев Игорь Владимирович
u Дополнение Южный федеральный университет
245 Заглавие __
a Заглавие Основы теории распространения микроволнового ЭМИ в линиях передачи
b Продолж. заглавия Учебное пособие
c Ответственность Южный федеральный университет
250 Сведения об издании __
a Основные сведения об издании 1
260 Выходные данные __
a Место издания Ростов-на-Дону
b Издательство Издательство Южного федерального университета (ЮФУ)
c Дата издания 2025
300 Физическое описание __
a Объем 202 с.
520 Аннотация __
a Аннотация В учебном пособии изложен теоретический материал посвящённый основам работы базовых проводящих пассивных узлов микроволновой техники рассмотрены фундаментальные аспекты волновых процессов различной природы и особенности их поведения в микроволновом диапазоне ЭМИ характеристики и параметры различных линий передачи вопросы распространения волн в них и практические методы расчётов и согласова-ний этих линий с использованием круговой диаграммы. Пособие предназначено для курсов изучаемых в бакалаврских направлениях подготовки 11.00.00 «Электроника радиотехника и системы связи» но может быть использовано и для обучающихся на других направлениях.
521 Примеч. о цел. назн. __
a Примеч. о целев. назн. ВО - Бакалавриат
650 Тематические рубрики __
a Основная рубрика Физико-математические науки
x Основная подрубрика Электричество и магнетизм. Физика плазмы
655 Указ. предметных рубрик (устаревшее) __
a Жанр/ форма (устаревшее) Учебное пособие
700 Другие авторы __
a Другие авторы Паршина Н.В.
q Полное имя Паршина Наталья Валерьевна
u Дополнение Южный федеральный университет
700 Другие авторы __
a Другие авторы Саенко А.В.
q Полное имя Саенко Александр Викторович
u Дополнение Южный федеральный университет
856 Электронный адрес документа 4_
a Имя сервера/домена znanium.ru
m Помощь ebs_support@infra-m.ru
n Местонахождение сервера НИЦ ИНФРА-М
u URL https://znanium.ru/catalog/document?id=481204
856 Электронный адрес документа 48
a Имя сервера/домена znanium.ru
d Путь /cover/2252
f Электронное имя 2252580.jpg
u URL https://znanium.ru/cover/2252/2252580.jpg
911 __
u 0030=https://znanium.ru/catalog/document?id=481204